000 00391nam a2200169Ia 4500
008 110201s9999 xx 000 0 und d
082 _bB6391
_aBAL 1671
100 _aCaralm Kenne
245 _aNancy Drew
260 _bA division of Hodden Pde
365 _b40
600 _aCaralm Kenne
630 _aNancy Drew
700 _aCaralm Kenne
730 _aNancy Drew
942 _cBOOK
999 _c832057
_d832054